| 000 | 01032nam0a22002651 4500 | ||
|---|---|---|---|
| 001 | rc\4004226 | ||
| 005 | 20260406151908.0 | ||
| 021 |
_aRU _b[52-21592] |
||
| 035 | _a(NLR Aleph) 007944522 | ||
| 090 |
_a8299930 _c8299930 |
||
| 100 | _a20130415d1952 |||y0rusy50 ca | ||
| 101 | 0 | _arus | |
| 102 | _aRU | ||
| 105 | _ac z |||a| | ||
| 200 | 1 |
_aСтихотворения _f[Вступ. статья, с. V-XLVIII, подгот. текста и примеч. В. Петушкова] |
|
| 210 |
_aЛенинград _cСов. писатель _d1952 |
||
| 215 |
_aXLVIII, 343 с., 2 л. портр. _d13 |
||
| 225 | 1 |
_aБиблиотека поэта _fОснована М. Горьким _iМалая серия _e2-е изд. |
|
| 700 | 1 |
_4100 _7ca _8rus _aЖуковский _bВ. А. _cпоэт _f1783-1852 _gВасилий Андреевич _9115493 _3RU\NLR\AUTH\775529 |
|
| 702 | 1 |
_aПетушков _bВ. _4080 _4212 |
|
| 801 | 0 |
_aRU _bNLR _gpsbo |
|
| 801 | 1 |
_aRU _bELAR _2rusmarc |
|
| 852 |
_aNLR _jЛ30 Г-1/1585 |
||
| 942 | _cBOOK | ||
| 980 | _aNB | ||